| 000 | 01072nam a2200205Ii 4500 | ||
|---|---|---|---|
| 003 | JO-AjNU | ||
| 008 | 230605s9999||||xx |||||||||||||| ||und|| | ||
| 040 |
_aJO-AjNU _bara _erda _cJO-AjNU |
||
| 041 | _aara | ||
| 050 | 1 | 4 | _aDS87.5 2010 |
| 100 | 3 |
_aاعداد مسرة، قيس، ربيع، اعداد عطالله، طوني, _eauthor _943805 |
|
| 245 | 0 | 0 | _aمرصد التعددية الدينية في لبنان والمجتمعات العربية: وقائع الندوة التي عقدت في كلية العلوم الدينية/ جامعة القديس يوسف: "الماستر في العلاقات الاسلامية المسيحية في 24و25 تشرين الاول 2009 |
| 264 | 3 | 1 | _aبيروت: جامعة القديس يوسف، 2009 |
| 300 |
_a268ص _b صور فوتوغرافية |
||
| 336 |
_atext _btxt _2rdacontent |
||
| 337 |
_aunmediated _bn _2rdamedia |
||
| 338 |
_avolume _bnc _2rdacarrier |
||
| 490 | 0 | _aسلسلة " دراسات ووثائق اسلامية مسيخية" رقم؛ 11 | |
| 650 | 4 |
_aطوائف دينية- لبنان _943806 |
|
| 999 |
_aA18859 _c22427 _d22427 |
||